000 005520000a22002050004500
003 LK-CoMWRAF
005 20231010122221.0
008 230817t1981 ||||| |||| 00| 0 eng d
040 _aLK-CoMWRAF
_dLK-CoMWRAF
_eLK-CoMWRAF
041 _aeng
082 _a297
_bKUT
100 _aQutub, Muhammad
245 _aIslam :
_bThe misunderstood religion
260 _aKuwait :
_bInternaional Islamic Federation of Student Orgarnizations (IIFSO),
_c1981
300 _a199p
650 _a Islam
650 _aPhilosophy
650 _aReligion
942 _cBK
999 _c1583
_d1583